[Event "2nd International Chess Festiv"]
[Site "Paracin"]
[Date "2009.08.24"]
[Round "7.31"]
[White "Rajcevic, Stevan"]
[Black "Blazeka, Djuro"]
[Result "1-0"]
[WhiteElo "2146"]
[BlackElo "1928"]
[PlyCount "113"]
[EventDate "2009.08.19"]

1. d4 d5 2. Nf3 Nf6 3. c4 e6 4. Nc3 Be7 5. Bg5 O-O 6. e3 h6 7. Bh4 Ne4 8. Bxe7
Qxe7 9. Rc1 Nxc3 10. Rxc3 c6 11. Be2 dxc4 12. Bxc4 Nd7 13. O-O e5 14. Re1 e4
15. Nd2 Nb6 16. a3 Nxc4 17. Nxc4 Be6 18. Ne5 Rfd8 19. f3 exf3 20. Qxf3 Rd5 21.
Rf1 f6 22. Ng6 Qf7 23. Nf4 Rb5 24. Rf2 Rd8 25. h3 a5 26. Rfc2 a4 27. Rc5 Rxc5
28. Rxc5 Bd5 29. Qg4 Qe7 30. Kf2 Qe4 31. Nxd5 cxd5 32. Qxe4 dxe4 33. Rc7 Rb8
34. Kg3 b5 35. Kf4 b4 36. Rc4 bxa3 37. bxa3 Rb2 38. g3 Rf2+ 39. Kxe4 f5+ 40.
Ke5 Rf3 41. Rc3 Rxg3 42. Kxf5 Kf7 43. Rc7+ Kf8 44. Kf4 Rg1 45. Ra7 g5+ 46. Kf3
Rh1 47. Rxa4 Rxh3+ 48. Kf2 h5 49. Rb4 g4 50. Rb1 h4 51. Rg1 Rh2+ 52. Rg2 g3+
53. Kf1 Rxg2 54. Kxg2 Kf7 55. a4 Kg6 56. a5 Kh5 57. Kh3 1-0

[Event "2nd International Chess Festiv"]
[Site "Paracin"]
[Date "2009.08.24"]
[Round "7.32"]
[White "Blazeka, Damjan"]
[Black "Nesic, Nebojsa"]
[Result "1-0"]
[WhiteElo "1969"]
[BlackElo "2127"]
[PlyCount "53"]
[EventDate "2009.08.19"]

1. e4 e6 2. d4 d5 3. Nd2 Nf6 4. e5 Nfd7 5. Bd3 c5 6. c3 Nc6 7. Ne2 Qb6 8. Nf3
f6 9. Nf4 fxe5 10. dxe5 Ncxe5 11. Nxe5 Nxe5 12. Qh5+ Nf7 13. Bxh7 e5 14. Nxd5
Qc6 15. c4 Be6 16. Be3 O-O-O 17. O-O Nd6 18. b3 Rd7 19. Qxe5 Nf7 20. Qe4 g6 21.
Bxg6 Bd6 22. f4 Ng5 23. fxg5 Bxh2+ 24. Kf2 Rxd5 25. cxd5 Bxd5 26. Bf5+ Kb8 27.
Qe5+ 1-0

[Event "2nd International Chess Festiv"]
[Site "Paracin"]
[Date "2009.08.24"]
[Round "7.33"]
[White "Bozilov, Novica"]
[Black "Gagic, Miroljub"]
[Result "1/2-1/2"]
[WhiteElo "2054"]
[BlackElo "1895"]
[Annotator ",compaq"]
[PlyCount "72"]
[EventDate "2009.08.19"]

1. Nf3 d5 2. c4 e6 3. g3 Nf6 4. Bg2 c6 5. b3 Bd6 6. d4 O-O 7. O-O Nbd7 8. Bb2
Re8 9. Nbd2 Qe7 10. Re1 Ba3 11. Qc2 Bxb2 12. Qxb2 Qd6 13. Rad1 b6 14. e4 dxe4
15. Nxe4 Nxe4 16. Rxe4 Bb7 17. Ree1 Rad8 18. Qc2 h6 19. Qe4 Nf6 20. Qc2 Qe7 21.
Ne5 Nd7 22. f4 Nxe5 23. dxe5 c5 24. Bxb7 Qxb7 25. Rd3 Kf8 26. Red1 Ke7 27. Qd2
Qc7 28. Rd6 Qb8 29. Rd7+ Rxd7 30. Qxd7+ Kf8 31. Qd6+ Qxd6 32. Rxd6 Ke7 33. Kf2
Rd8 34. Rxd8 Kxd8 $11 35. g4 Ke7 36. h4 g6 1/2-1/2

[Event "2nd International Chess Festiv"]
[Site "Paracin"]
[Date "2009.08.24"]
[Round "7.34"]
[White "Milosavljevic, Milica"]
[Black "Djuretanovic, Ivan"]
[Result "1/2-1/2"]
[WhiteElo "1786"]
[BlackElo "2150"]
[Annotator ",compaq"]
[PlyCount "181"]
[EventDate "2009.08.19"]

1. Nc3 g6 2. d4 Bg7 3. e4 d6 4. Be3 Nd7 5. Qd2 c6 6. Be2 e5 7. Nf3 Qc7 8. h3
Ngf6 9. dxe5 dxe5 10. Rd1 O-O 11. Qd6 Qxd6 12. Rxd6 Re8 13. O-O Bf8 14. Rdd1
Nc5 15. Nd2 b5 16. f3 Nh5 17. Kh2 Ne6 18. a4 a6 19. Nb3 Nhf4 20. Bd3 Bb7 21.
Na5 Rab8 22. Ba7 $11 Rbc8 23. Nxb7 Rc7 24. Na5 Rxa7 25. Nxc6 Rc7 26. axb5 Nxd3
27. Rxd3 axb5 28. Nd5 Rxc6 29. Nf6+ Kh8 30. Nxe8 Rxc2 31. Nf6 Nf4 32. Rd8 Rxg2+
33. Kh1 Kg7 34. Nd5 Rd2 35. Rb8 Nh5 36. Rg1 Rxb2 37. Rg2 Rb3 38. Rf2 Bc5 39.
Rc2 Bd4 40. Kg2 Rb1 41. Rd2 Rg1+ 42. Kh2 Rb1 43. Kg2 Rg1+ 44. Kh2 Rg3 45. Rd3
Bg1+ 46. Kh1 Ba7 47. Rxb5 Rxh3+ 48. Kg2 Rg3+ 49. Kf1 Rh3 50. Kg2 Rh4 51. Rb7
Bd4 52. Re7 Nf4+ 53. Nxf4 Rxf4 54. Kg3 Rf6 55. Rb7 h5 56. Rb1 Rf4 57. Rh1 Rf6
58. Rd2 Kh6 59. Rd3 Kg5 60. Rh3 Rf4 61. Rh1 Kh6 62. Rb1 h4+ 63. Kh3 g5 64. Re1
Kh5 65. Rf1 f6 66. Rb3 f5 67. exf5 Rxf5 68. Rbb1 Rf8 69. Rbe1 Ra8 70. Re4 Ra3
71. Kg2 Ra2+ 72. Kh3 Bf2 73. Rg4 e4 74. Rxe4 Bg3 75. Rh1 Rf2 76. Re3 Kg6 77.
Kg4 Bf4 78. Re6+ Kf7 79. Re4 Rg2+ 80. Kh5 Kf6 81. Rxh4 Kf5 82. Rh1 Rg3 83.
Rxf4+ gxf4 84. Kh4 Rxf3 85. Ra1 Re3 86. Rf1 Ke4 87. Kg4 Rg3+ 88. Kh4 Rg8 89.
Ra1 Rd8 90. Kg4 Rd3 91. Ra4+ 1/2-1/2

[Event "2nd International Chess Festiv"]
[Site "Paracin"]
[Date "2009.08.24"]
[Round "7.35"]
[White "Markovic, Predrag M"]
[Black "Mijovic, Cedomir"]
[Result "1/2-1/2"]
[WhiteElo "1773"]
[BlackElo "2048"]
[PlyCount "91"]
[EventDate "2009.08.19"]

1. e4 c5 2. Nf3 Nc6 3. d4 cxd4 4. Nxd4 Nf6 5. Nc3 a6 6. Be3 d6 7. Be2 e6 8. O-O
Be7 9. a4 O-O 10. f4 Qc7 11. Qe1 Nxd4 12. Bxd4 e5 13. Be3 exf4 14. Bxf4 Be6 15.
a5 Rac8 16. Be3 Bc4 17. Ra4 Bxe2 18. Qxe2 Qd7 19. Rd4 Qe6 20. Rb4 d5 21. Rb6
Rc6 22. exd5 Nxd5 23. Nxd5 Qxd5 24. Rxc6 Qxc6 25. Qf3 Qb5 26. b3 Bc5 27. Bxc5
Qxc5+ 28. Rf2 Qb4 29. Qf5 g6 30. Qd5 Qe1+ 31. Rf1 Qe3+ 32. Rf2 Qc1+ 33. Rf1
Qxc2 34. Qxb7 Qc5+ 35. Kh1 Qxa5 36. h3 Qb5 37. Qxb5 axb5 38. Rc1 Rb8 39. Rc7
Kg7 40. b4 Kf6 41. Rc5 Ke6 42. g4 h6 43. Kg2 Rb6 44. Kf3 g5 45. Ke4 f6 46. Kf3
1/2-1/2

[Event "2nd International Chess Festiv"]
[Site "Paracin"]
[Date "2009.08.24"]
[Round "7.40"]
[White "Maljevic, Dimitrije"]
[Black "Maljevic, Aleksa"]
[Result "1/2-1/2"]
[WhiteElo "1621"]
[BlackElo "1687"]
[PlyCount "43"]
[EventDate "2009.08.19"]

1. e4 c5 2. Nf3 Nc6 3. d4 cxd4 4. Nxd4 Nf6 5. Nc3 d6 6. Be3 e5 7. Nb3 Be6 8. f3
Be7 9. Nd5 Bxd5 10. exd5 Nb4 11. c4 a5 12. Be2 b6 13. O-O O-O 14. Qd2 Nh5 15.
Bd1 Na6 16. Bc2 Nc5 17. Nc1 f5 18. Bf2 f4 19. Ne2 Bh4 20. g3 fxg3 21. hxg3 Bg5
22. Qc3 1/2-1/2